Optimalizácia umiestnenia skladov bakalárska práca

Guardado en:
Detalles Bibliográficos
Autor principal: Molnárová, Bernadeta
Autor Corporativo: Fakulta hospodárskej informatiky EU. Katedra operačného výskumu a ekonometrie
Otros Autores: Hollá, Anna
Formato: Libro
Lenguaje:eslovaco
Publicado: Bratislava 2012
Etiquetas: Agregar Etiqueta
Sin Etiquetas, Sea el primero en etiquetar este registro!

MARC

LEADER 00000nbm a2200000 4500
001 0156250
005 20161109111948.2
041 0 |a slo 
044 |a SK 
245 1 0 |a Optimalizácia umiestnenia skladov  |b bakalárska práca  |c Bernadeta Molnárová ; školiteľ: Anna Hollá 
264 1 |a Bratislava  |c 2012 
300 |a 50 s. 
100 1 |a Molnárová, Bernadeta 
700 1 |a Hollá, Anna 
710 2 |a Fakulta hospodárskej informatiky EU. Katedra operačného výskumu a ekonometrie